| 000 | 01715 a2200229 4500 | ||
|---|---|---|---|
| 003 | Nust | ||
| 005 | 20250922125615.0 | ||
| 010 | _a 79013336 | ||
| 020 | _a0070571503 | ||
| 040 | _cNust | ||
| 082 | 0 | 0 | _a621.382,SHR |
| 100 | 1 |
_aShrader, Robert L. _964825 |
|
| 245 | 1 | 0 |
_aElectronic communication / _cRobert L. Shrader. |
| 250 | _a4th ed. | ||
| 260 |
_aNew York : _bGregg Division, McGraw-Hill, _cc1980. |
||
| 300 |
_axiv, 801 p. : _bill. ; _c25 cm. |
||
| 505 | _aCurrent, Voltage, And Resistance(Page-1), Direct-Current Circuits(Page-20), Magnetism(Page-45), Alternating Current(Page-60), Inductance And Transformers(Page-67), Capacitance(Page-87), Alternating-Current Circuits(Page-102), Resonance And Filters(Page-123), Vacuum Tubes(Page-142), Basic Solid State Devices(Page-168), Power Supplies(Page-193), Measuring Devices(Page-226), Oscillators(Page-256), Audio-Frequency Amplifiers (Page-284), Radio-Frequency Amplifiers (Page-321), Basic Trans-Mitters(Page-348), Amplitude Modulation (Page-373), Amplitude-Modulation Receivers (Page-419), Frequency Modulation(Page-452), Antennas(Page-486), Measuring Frequencies (Page-520), Batteries (Page-536), Motor And Generators (Page-550), Standard Broadcast Stations (Page-566), Television(Page-589), Microwave(Page-627), Radar(Page-645), Shipboard Radio Equipment (Page-663), Radio Direction Finders (Page-687), Loran, Omega and Facsimile (Page-698), Basic Digital Circuits (Page-710), Radio Licenses and Laws(Page-727), Voice Communications (Page-733), Communicating By Radiotelegraph (Page-741), Amateur Radio (Page-753). | ||
| 650 | 0 | _aRadio. | |
| 650 | 0 | _aTelecommunication Engineering | |
| 650 | 0 | _aTelecommunication. | |
| 942 |
_2ddc _cBK _k621.382,SHR |
||
| 999 |
_c182602 _d182602 |
||